| 000 -LEADER |
| fixed length control field |
01081pam a2200301 i 4500 |
| 001 - CONTROL NUMBER |
| control field |
019282343 |
| 003 - CONTROL NUMBER IDENTIFIER |
| control field |
Uk |
| 005 - DATE AND TIME OF LATEST TRANSACTION |
| control field |
20250912085557.0 |
| 008 - FIXED-LENGTH DATA ELEMENTS--GENERAL INFORMATION |
| fixed length control field |
190116s2019 enk 000|0aeng|d |
| 020 ## - INTERNATIONAL STANDARD BOOK NUMBER |
| International Standard Book Number |
9781785039263 |
| Qualifying information |
paperback |
| 040 ## - CATALOGING SOURCE |
| Original cataloging agency |
StDuBDS |
| Language of cataloging |
eng |
| Transcribing agency |
StDuBDS |
| Modifying agency |
Uk |
| -- |
KH8 |
| Description conventions |
rda |
| 042 ## - AUTHENTICATION CODE |
| Authentication code |
ukblcatcopy |
| 082 04 - DEWEY DECIMAL CLASSIFICATION NUMBER |
| Classification number |
362.760 SHA |
| Edition number |
23 |
| 100 1# - MAIN ENTRY--PERSONAL NAME |
| Personal name |
O'Shaughnessey, Tara, |
| Dates associated with a name |
1972- |
| Relator term |
author. |
| 245 10 - TITLE STATEMENT |
| Title |
Survivor : |
| Remainder of title |
from childhood abuse to a life of crime and prostitution : a true story / |
| Statement of responsibility, etc. |
Tara O'Shaughnessey with John F. McDonald. |
| 264 #1 - PRODUCTION, PUBLICATION, DISTRIBUTION, MANUFACTURE, AND COPYRIGHT NOTICE |
| Place of production, publication, distribution, manufacture |
London : |
| Name of producer, publisher, distributor, manufacturer |
Ebury Press, |
| Date of production, publication, distribution, manufacture, or copyright notice |
2019. |
| 300 ## - PHYSICAL DESCRIPTION |
| Extent |
340 pages ; |
| Dimensions |
20 cm |
| 336 ## - CONTENT TYPE |
| Content type term |
text |
| Source |
rdacontent |
| 337 ## - MEDIA TYPE |
| Media type term |
unmediated |
| Source |
rdamedia |
| 338 ## - CARRIER TYPE |
| Carrier type term |
volume |
| Source |
rdacarrier |
| 600 10 - SUBJECT ADDED ENTRY--PERSONAL NAME |
| Personal name |
O'Shaughnessey, Tara, |
| Dates associated with a name |
1972- |
| 650 #0 - SUBJECT ADDED ENTRY--TOPICAL TERM |
| Topical term or geographic name entry element |
Adult child sexual abuse victims |
| Geographic subdivision |
Great Britain |
| Form subdivision |
Biography. |
| 650 #0 - SUBJECT ADDED ENTRY--TOPICAL TERM |
| Topical term or geographic name entry element |
Prostitutes |
| Geographic subdivision |
Great Britain |
| Form subdivision |
Biography. |
| 650 #0 - SUBJECT ADDED ENTRY--TOPICAL TERM |
| Topical term or geographic name entry element |
Gangsters' spouses |
| Geographic subdivision |
Great Britain |
| Form subdivision |
Biography. |
| 690 7# - LOCAL SUBJECT ADDED ENTRY--TOPICAL TERM (OCLC, RLIN) |
| Topical term or geographic name as entry element |
Social Welfare |
| Source of heading or term |
blcoll |
| 700 1# - ADDED ENTRY--PERSONAL NAME |
| Personal name |
McDonald, John F. |
| Fuller form of name |
(John Francis), |
| Dates associated with a name |
1948- |
| Relator term |
author. |
| 942 ## - ADDED ENTRY ELEMENTS (KOHA) |
| Source of classification or shelving scheme |
|
| Koha item type |
Books - Non Ficton |